00829nam a2200253 a 4500001001300000003000900013005001700022008004100039020001000080082001600090100002200106245003500128260003800163300000900201500003500210505003400245650002900279700002200308902000800330942000700338952010700345952010800452999001500560nice12345678IN_TiNIC20260116011458.0050524s1944 laha grp 000 0 eng  ac10000a181.07bDAR aDar, Bashir Ahmad aStudy of in Iqbal`s Philosophy aLahorebSh. Muhammad Ashrafc1944 a422p aincludes index and biblioraphy2 aAppendex, Bibliography, Index aPhilosophy-Islamic-Iqbal1 aDar, Bashir Ahmad bSRS cBK 00104070aHMIbHMId2019-03-01g100.00l2o181.07 DARp1111r2019-12-12s2019-09-11w2026-01-16yEB 00104070aHMIbHMId2019-03-01g100.00l1o181.07 DARp14532r2017-12-07s2017-11-27w2026-01-16yEB c1897d1897